000
00316nam a2200133Ia 4500
008
221030s9999 xx 000 0 und d
041
_a
English
082
_a
105.23
100
_a
G. Jones
245
0
_a
Organizational Theory Design & Change Text & cases
_c
by G. Jones
260
_c
0
650
_a
Mb
942
_c
BK
999
_c
11482
_d
11482